| 000 | 00867aam a2200373a 44500 | ||
|---|---|---|---|
| 008 | 930106s1984 cat | ||
| 017 | _aB-27750-1984 | ||
| 022 | _a0212-3460 | ||
| 041 | _acat | ||
| 041 | _bspa | ||
| 080 | _a582.28(467.1) | ||
| 245 | _aBolets de Catalunya: III | ||
| 260 | _aBarcelona | ||
| 260 | _bSocietat Catalana de Micologia | ||
| 260 | _c1984 | ||
| 300 |
_a50 fitxes _bil. _c22 cm |
||
| 500 | _aÈtims | ||
| 520 | _a50 | ||
| 522 | _aCatalunya | ||
| 546 | _aca | ||
| 546 | _aes | ||
| 591 | _a660 | ||
| 592 | _aObra terminològica | ||
| 593 | _aDF | ||
| 594 | _a660 | ||
| 650 |
_abolets _961645 |
||
| 650 |
_abotànica _961048 |
||
| 710 |
_aSocietat Catalana de Micologia _964223 |
||
| 901 | _c<1984> | ||
| 902 | _a930106 | ||
| 942 |
_cMO _n0 |
||
| 999 |
_c53626 _d53626 |
||